000
00205 a2200097 4500
001
38449
100
_a
Holman J.P
245
_a
Thermodynamics
260
_a
Tokyo
_b
McGraw H
_c
1974
090
_c
24435
_d
24435
942
_a
NUST-CAE
_c
M
_c
16042
999
_c
273522
_d
273522